Footballeurs en E - Statistiques

Statistiques générales
  • Ce quiz a été pris 123 fois
  • Le résultat moyen est 11 sur 20
Statistiques - réponses
Par images Réponse % Correct
Eder
95%
Ekitike
95%
Ederson
94%
Eto'o
94%
Evra
94%
Eriksen
89%
Eusebio
84%
Endrick
82%
El Shaarawy
81%
Essien
72%
Erding
41%
Enyeama
40%
Evans
40%
Edel
37%
Eboué
28%
Escudé
28%
El Arabi
19%
Edmilson
17%
Ettori
10%
Elmander
7%
Aucun quiz correspondant
Distribution des résultats
% des personnes avec chaque résultat
Percentile par nombre de réponses
Votre historique - résultats
Vous n’avez pas pris ce quiz